00714 a2200193 4500020001800000020001500018050002600033100003400059245012300093264003700216300001800253500005000271504005000321650003900371650002700410650001800437700002800455700003700483 a9780409032819 a040903281600aKTL 515.5. BOS 20100 aBosman-Sadie, Hester.eauthor12aA practical approach to the Children's Act /cHester Bosman-Sadie and Lesley Corrie ; collaborator, Erno J. Swanepoel. aSouth Africa:bLexisNexis,c2010 axvi, 372 p. ; aIncludes bibliographical references and index aIncludes bibliographical references and index 0aChildrenxLegal status, laws, etc. 0aParent and child (Law) 0aChild welfare1 aCorrie, Lesley.eauthor1 aSwanepoel, Erno J.ecollaborator